Hajjah Zabedah Shahid ibu mithali : ratu hati kami

Bibliographic Details
Format: Book
Published: [s.l: s.n]
Subjects:

MARC

LEADER 00000cam a2200000 7i4500
001 0000023727
005 20081015.0
008 081015
090 0 0 |a 920.7209595   |b HAJ 
245 1 0 |a Hajjah Zabedah Shahid ibu mithali :   |b ratu hati kami 
260 |a [s.l: s.n] 
650 0 |a Biography 
650 0 |a Women   |x Biography   |z Malaysia 
999 |a 0001036907   |b Book   |c REFERENCE   |e Perbadanan Perpustakaan Awam Johor 
999 |a 0001036909   |b Book   |c REFERENCE   |e Perbadanan Perpustakaan Awam Johor 
999 |a CD01036907   |b CD-ROM   |c REFERENCE   |e Perbadanan Perpustakaan Awam Johor 
999 |a CD01036908   |b CD-ROM   |c REFERENCE   |e Perbadanan Perpustakaan Awam Johor 
999 |a CD01036909   |b CD-ROM   |c REFERENCE   |e Perbadanan Perpustakaan Awam Johor